| 000 | 00454pab a2200145 454500 | ||
|---|---|---|---|
| 008 | 180718b2015 xxu||||| |||| 00| 0 eng d | ||
| 100 | _aRichardson, Tanya | ||
| 245 | _aOn the limits of liberalism in participatory environmental governance: conflict and conversation in UKraine's Denube delta | ||
| 260 | _c2015 | ||
| 300 | _ap.415-441. | ||
| 362 | _aMay | ||
| 650 | _aParticipatory development | ||
| 773 | _aDevelopment and Change | ||
| 909 | _a108385 | ||
| 999 |
_c108380 _d108380 |
||